Vie de Jésus / (Record no. 163283)

MARC details
000 -LEADER
campo de control de longitud fija 00851nam a22002535i 4500
001 - NÚMERO DE CONTROL
campo de control 163283
003 - IDENTIFICADOR DE NÚMERO DE CONTROL
campo de control ES-MaACL
005 - FECHA Y HORA DE LA ÚLTIMA TRANSACCIÓN
campo de control 20250703063121.0
008 - DATOS DE LONGITUD FIJA--INFORMACIÓN GENERAL
campo de control de longitud fija 960229s1863 fr af |||| | fre d
040 ## - FUENTE DE CATALOGACIÓN
Centro catalogador/agencia de origen EUS
Lengua de catalogación spa
Centro/agencia transcriptor EUS
080 ## - NÚMERO DE LA CLASIFICACIÓN DECIMAL UNIVERSAL
Número de la Clasificación Decimal Universal 27-31
100 1# - ENTRADA PRINCIPAL--NOMBRE DE PERSONA
Nombre de persona Renan, Ernest,
Fechas asociadas al nombre 1823-1892
9 (RLIN) 96168
245 10 - MENCIÓN DEL TÍTULO
Título Vie de Jésus /
Mención de responsabilidad, etc. par Ernest Renan.
260 ## - PUBLICACIÓN, DISTRIBUCIÓN, ETC.
Lugar de publicación, distribución, etc. París :
Nombre del editor, distribuidor, etc. Michel Lévy frères,
Fecha de publicación, distribución, etc. 1863 (
Fabricante imprimerie de J. Claye)
300 ## - DESCRIPCIÓN FÍSICA
Extensión [4], LIX, 462 p. ;
Dimensiones 25 cm.
490 1# - MENCIÓN DE SERIE
Mención de serie Histoire des origines du christianisme. 1
596 ## - NOTA AL PIE DE IMPRENTA
NOTA AL PIE DE IMPRENTA Marca de ed. en port.
597 ## - NOTA DE DESCRIPCIÓN FÍSICA
NOTA DE DESCRIPCIÓN FÍSICA Signaturizado.
597 ## - NOTA DE DESCRIPCIÓN FÍSICA
NOTA DE DESCRIPCIÓN FÍSICA Antep.
600 04 - PUNTO DE ACCESO ADICIONAL DE MATERIA--NOMBRE DE PERSONA
Nombre de persona Jesucristo-
Subdivisión general Biografías.
9 (RLIN) 140032
830 0# - PUNTO DE ACCESO ADICIONAL DE SERIE-TÍTULO UNIFORME
Título uniforme Histoire des origines du christianisme. 1
9 (RLIN) 222262
852 ## - LOCALIZACIÓN
Ubicación ES-MaACL
Número de control de estantería E-13114
Nota libre .- Enc. hol.
-- .- Legado de M. de la Fuente
Holdings
Estatus retirado Estado de pérdida Estado de daño No para préstamo Colección Biblioteca de origen Biblioteca actual Ubicación en estantería Fecha de adquisición Total de préstamos Signatura topográfica completa Código de barras Visto por última vez Precio de reemplazo Tipo de ítem Koha
        Libros del s. XIX Biblioteca del Ateneo de Madrid Biblioteca del Ateneo de Madrid Depósito 2 17/01/2008   E-13114 1171103 23/02/2023 23/02/2023 Libro impreso antiguo